[Event "Karlsruhe Grenke op"]
[Site "Karlsruhe"]
[Date "2025.04.18"]
[Round "3"]
[White "Donchenko, Alexander"]
[Black "Hollan, Martin"]
[Result "1-0"]
[WhiteElo "2617"]
[BlackElo "2319"]
[PlyCount "63"]
[EventDate "2025.04.17"]
[EventType "swiss"]
[EventRounds "9"]
[EventCountry "GER"]
[SourceTitle "CB17_2025"]
[SourceDate "2025.04.23"]
[SourceVersion "1"]
[SourceVersionDate "2025.04.23"]
[SourceQuality "1"]

1. c4 e6 2. Nc3 d5 3. d4 Nf6 4. Nf3 Be7 5. g3 0-0 6. Bg2 dxc4 7. Ne5 c5 8. dxc5 Qxd1+ 9. Nxd1 Bxc5 10. 0-0 Nc6 11. Bxc6 bxc6 12. Be3 Bb6 13. Bxb6 axb6 14. Nc3 Nd5 15. Rfc1 f6 16. Nxc6 Nxc3 17. Rxc3 b5 18. a3 Bb7 19. Nd4 Rfd8 20. Nxb5 Rd2 21. Rxc4 Rxb2 22. Nc3 Rc2 23. Rc7 Ba6 24. e3 Rd8 25. Nb5 Rb2 26. Nd4 Rd6 27. Rac1 g6 28. Re7 e5 29. Rcc7 Rb8 30. Ne6 Rb1+ 31. Kg2 Bb7+ 32. Kh3 1-0